[Event "13. Hogeschool Zeeland Tournament"]
[Site "Vlissingen NED"]
[Date "2009.08.07"]
[Round "8.16"]
[White "Shyam, Sundar M"]
[Black "Van der Linde, Maurits"]
[Result "1/2-1/2"]
[WhiteElo "2415"]
[BlackElo "2171"]
[PlyCount "82"]
[EventDate "2009.08.01"]
[EventType "swiss"]
[EventRounds "9"]
[EventCountry "NED"]
[Source "lmi"]
[SourceDate "2009.08.01"]

1. e4 e5 2. Nf3 Nc6 3. d4 exd4 4. Nxd4 Nf6 5. Nxc6 bxc6 6. e5 Qe7 7. Qe2 Nd5 8.
Nd2 Nb6 9. f4 d5 10. Nb3 a5 11. Qf2 Qb4+ 12. c3 Qe4+ 13. Qe3 Qxe3+ 14. Bxe3 a4
15. Nd4 Bd7 16. O-O-O Be7 17. Bd3 O-O 18. Rhe1 Rfe8 19. f5 c5 20. Nf3 Bf8 21.
a3 Bc6 22. Bf4 d4 23. c4 Bb7 24. Re2 Rac8 25. Nd2 f6 26. Rde1 fxe5 27. Bxe5 Nd7
28. Bf4 Rxe2 29. Rxe2 Bd6 30. Bxd6 cxd6 31. Be4 Bxe4 32. Nxe4 Rc6 33. g4 h6 34.
h4 Ne5 35. Nxd6 Nxg4 36. Re8+ Kh7 37. Nf7 g6 38. Re7 Kg8 39. Nd8 Rc8 40. Re8+
Kh7 41. Re7+ Kg8 1/2-1/2

[Event "13. Hogeschool Zeeland Tournament"]
[Site "Vlissingen NED"]
[Date "2009.08.07"]
[Round "8.17"]
[White "Michalczak, Thomas"]
[Black "Foo, Benjamin"]
[Result "1/2-1/2"]
[WhiteElo "2352"]
[BlackElo "2013"]
[PlyCount "104"]
[EventDate "2009.08.01"]
[EventType "swiss"]
[EventRounds "9"]
[EventCountry "NED"]
[Source "lmi"]
[SourceDate "2009.08.01"]

1. e4 e5 2. f4 exf4 3. Nf3 Bc5 4. d4 Bb6 5. Bxf4 Ne7 6. a4 a5 7. Nbd2 d5 8. e5
h6 9. Nb3 Bf5 10. Bd3 Qd7 11. Bb5 c6 12. Be2 Na6 13. O-O Ng6 14. Bd2 Nc7 15.
Kh1 O-O 16. Ng1 Be4 17. Bg4 Qe7 18. Ne2 f6 19. exf6 Rxf6 20. Rxf6 Qxf6 21. Ng3
Bxd4 22. Nxe4 dxe4 23. Nxd4 Qxd4 24. Bc3 Qxd1+ 25. Rxd1 Nf8 26. Re1 Nd5 27. Bd2
b6 28. Bf5 Nf6 29. Bc3 Nd5 30. Bd2 Nf6 31. Bxe4 Nxe4 32. Rxe4 Rd8 33. Re2 Ne6
34. Bc3 Nc5 35. b3 Rd1+ 36. Be1 Kf7 37. Kg1 Ne6 38. Rf2+ Kg6 39. Kf1 Nd4 40.
Rd2 Rxd2 41. Bxd2 Nxc2 42. Bc3 Ne3+ 43. Kg1 Nd5 44. Bd4 b5 45. Kf2 Kf7 46. Kf3
g6 47. Ke4 Ke6 48. Bg7 h5 49. Kd4 bxa4 50. bxa4 Kd6 51. Be5+ Ke6 52. Bg7 Kd6
1/2-1/2

[Event "13. Hogeschool Zeeland Tournament"]
[Site "Vlissingen NED"]
[Date "2009.08.07"]
[Round "8.18"]
[White "De Vos, Nils"]
[Black "Zelbel, Patrick"]
[Result "1/2-1/2"]
[WhiteElo "2205"]
[BlackElo "2348"]
[PlyCount "54"]
[EventDate "2009.08.01"]
[EventType "swiss"]
[EventRounds "9"]
[EventCountry "NED"]
[Source "lmi"]
[SourceDate "2009.08.01"]

1. c4 e5 2. Nc3 Nf6 3. g3 c6 4. Bg2 d5 5. cxd5 cxd5 6. Qb3 Nc6 7. d3 d4 8. Nd5
Nxd5 9. Bxd5 Bb4+ 10. Kf1 Qe7 11. h4 O-O 12. a3 Ba5 13. Nf3 h6 14. Bd2 Bxd2 15.
Nxd2 Rd8 16. Rc1 Bf5 17. Kg2 Qd7 18. Bf3 Be6 19. Qb5 Bd5 20. Bxd5 Qxd5+ 21.
Qxd5 Rxd5 22. Ne4 Nd8 23. b4 Nc6 24. Rc2 Kf8 25. Nd2 Ke7 26. Rb1 Rdd8 27. Nc4
Rac8 1/2-1/2

[Event "13. Hogeschool Zeeland Tournament"]
[Site "Vlissingen NED"]
[Date "2009.08.07"]
[Round "8.19"]
[White "Lalith, Babu M.R"]
[Black "Kahn, Michel"]
[Result "1-0"]
[WhiteElo "2472"]
[BlackElo "2139"]
[PlyCount "49"]
[EventDate "2009.08.01"]
[EventType "swiss"]
[EventRounds "9"]
[EventCountry "NED"]
[Source "lmi"]
[SourceDate "2009.08.01"]

1. Nf3 Nf6 2. c4 e6 3. Nc3 c5 4. g3 b6 5. Bg2 Bb7 6. O-O Be7 7. Re1 a6 8. e4 d6
9. d4 cxd4 10. Nxd4 Nbd7 11. e5 dxe5 12. Bxb7 exd4 13. Bxa8 Qxa8 14. Qxd4 Bc5
15. Qf4 Kf8 16. Be3 h5 17. Bxc5+ Nxc5 18. Rad1 Kg8 19. b4 Ncd7 20. Qc7 h4 21.
Rxd7 Nxd7 22. Qxd7 hxg3 23. fxg3 Qf3 24. Ne4 Rh5 25. Qd8+ 1-0

[Event "13. Hogeschool Zeeland Tournament"]
[Site "Vlissingen NED"]
[Date "2009.08.07"]
[Round "8.20"]
[White "Van den Berg, Ad"]
[Black "Kogan, Arthur"]
[Result "1/2-1/2"]
[WhiteElo "2197"]
[BlackElo "2542"]
[PlyCount "73"]
[EventDate "2009.08.01"]
[EventType "swiss"]
[EventRounds "9"]
[EventCountry "NED"]
[Source "lmi"]
[SourceDate "2009.08.01"]

1. e4 c5 2. Nc3 Nc6 3. Nge2 e6 4. g3 a6 5. Bg2 Nf6 6. O-O Qc7 7. d4 cxd4 8.
Nxd4 Nxd4 9. Qxd4 Bc5 10. Bf4 d6 11. Qd2 h6 12. Na4 e5 13. Nxc5 exf4 14. Nd3
fxg3 15. hxg3 Be6 16. b3 h5 17. Nf4 h4 18. Nd5 Bxd5 19. exd5 O-O-O 20. Qd4 hxg3
21. fxg3 Rde8 22. Rf2 Re5 23. c4 Rg5 24. Rc1 Kb8 25. Rc3 Re8 26. b4 Re1+ 27.
Rf1 Qe7 28. Rcf3 Rg4 29. Qc3 Re2 30. c5 dxc5 31. Qxc5 Rxb4 32. d6 Rbb2 33. R1f2
Qe5 34. Qc7+ Ka7 35. Rxe2 Rxe2 36. Rxf6 Qd4+ 37. Kh1 1/2-1/2

[Event "13. Hogeschool Zeeland Tournament"]
[Site "Vlissingen NED"]
[Date "2009.08.07"]
[Round "8.21"]
[White "Van Haastert, Edwin"]
[Black "Van Hoeve, Ab"]
[Result "1-0"]
[WhiteElo "2411"]
[BlackElo "2198"]
[PlyCount "65"]
[EventDate "2009.08.01"]
[EventType "swiss"]
[EventRounds "9"]
[EventCountry "NED"]
[Source "lmi"]
[SourceDate "2009.08.01"]

1. d4 Nf6 2. c4 g6 3. Nf3 Bg7 4. g3 d6 5. Bg2 O-O 6. O-O c6 7. Nc3 Qa5 8. e4
Bg4 9. h3 Bxf3 10. Bxf3 Nbd7 11. Bg2 c5 12. dxc5 Nxc5 13. Bd2 Qd8 14. Qe2 Nfd7
15. Rfd1 Ne6 16. Rac1 Nd4 17. Qf1 Ne5 18. Be3 Nec6 19. b4 Ne6 20. Nd5 Bd4 21.
Bxd4 Ncxd4 22. f4 Nc6 23. c5 dxc5 24. Nf6+ exf6 25. Rxd8 Raxd8 26. b5 Nb8 27.
f5 Ng7 28. Rxc5 Nd7 29. Rc7 Ne5 30. Rxb7 g5 31. Rxa7 Rd2 32. b6 Rfd8 33. b7 1-0

[Event "13. Hogeschool Zeeland Tournament"]
[Site "Vlissingen NED"]
[Date "2009.08.07"]
[Round "8.22"]
[White "Verduyn, Frederic"]
[Black "Rubio Mejia, Luis Ignacio"]
[Result "0-1"]
[WhiteElo "2183"]
[BlackElo "2371"]
[PlyCount "139"]
[EventDate "2009.08.01"]
[EventType "swiss"]
[EventRounds "9"]
[EventCountry "NED"]
[Source "lmi"]
[SourceDate "2009.08.01"]

1. e4 c5 2. Nc3 d6 3. f4 Nc6 4. Nf3 g6 5. Bb5 Bd7 6. Bxc6 Bxc6 7. O-O Bg7 8. d3
Qd7 9. Qe1 Nh6 10. a3 f5 11. Rb1 Nf7 12. Bd2 O-O 13. Qh4 Rae8 14. Rbe1 Bf6 15.
Qg3 e6 16. e5 dxe5 17. Nxe5 Nxe5 18. fxe5 Qd4+ 19. Be3 Bxe5 20. Qf2 f4 21. Bxd4
Bxd4 22. Re5 Bxf2+ 23. Kxf2 b6 24. Rfe1 Kf7 25. Ne4 Bxe4 26. R1xe4 Kf6 27. b4
cxb4 28. axb4 g5 29. h4 h6 30. hxg5+ hxg5 31. c4 Rf7 32. d4 Rc7 33. c5 bxc5 34.
bxc5 Rd7 35. d5 exd5 36. Rxe8 dxe4 37. Rxe4 Rc7 38. Ra4 Ke5 39. Kf3 Kf5 40. c6
g4+ 41. Kf2 Ke5 42. g3 fxg3+ 43. Kxg3 Kd5 44. Kxg4 Rf7 45. Rf4 Rg7+ 46. Kf3
Kxc6 47. Ke3 Kb5 48. Kd3 Rc7 49. Rf8 Kb4 50. Rb8+ Ka3 51. Rb5 Ka2 52. Ra5+ Kb3
53. Rb5+ Ka3 54. Rb8 a5 55. Rb6 a4 56. Rb8 Ka2 57. Rb6 Rc1 58. Ra6 a3 59. Kd2
Rb1 60. Kc2 Rb2+ 61. Kc1 Rb8 62. Ra7 Rc8+ 63. Kd2 Rh8 64. Kc2 Rh3 65. Ra8 Ka1
66. Kc1 Rc3+ 67. Kd2 Kb2 68. Rb8+ Rb3 69. Rc8 a2 70. Rc2+ 0-1

[Event "13. Hogeschool Zeeland Tournament"]
[Site "Vlissingen NED"]
[Date "2009.08.07"]
[Round "8.23"]
[White "Haast, Anne"]
[Black "Van Dongen, Cor"]
[Result "1/2-1/2"]
[WhiteElo "2158"]
[BlackElo "2342"]
[PlyCount "38"]
[EventDate "2009.08.01"]
[EventType "swiss"]
[EventRounds "9"]
[EventCountry "NED"]
[Source "lmi"]
[SourceDate "2009.08.01"]

1. e4 c5 2. Nf3 d6 3. d4 cxd4 4. Nxd4 Nf6 5. Nc3 g6 6. Be3 Bg7 7. f3 O-O 8. Qd2
Nc6 9. O-O-O d5 10. exd5 Nxd5 11. Nxc6 bxc6 12. Bd4 e5 13. Bc5 Be6 14. Ne4 Re8
15. g4 Qh4 16. Bf2 Qe7 17. Bc5 Qh4 18. Bf2 Qe7 19. Bc5 Qh4 1/2-1/2

[Event "13. Hogeschool Zeeland Tournament"]
[Site "Vlissingen NED"]
[Date "2009.08.07"]
[Round "8.24"]
[White "In 't Veld, Daan"]
[Black "Roobol, Martin"]
[Result "1/2-1/2"]
[WhiteElo "2173"]
[BlackElo "2342"]
[PlyCount "90"]
[EventDate "2009.08.01"]
[EventType "swiss"]
[EventRounds "9"]
[EventCountry "NED"]
[Source "lmi"]
[SourceDate "2009.08.01"]

1. e4 g6 2. d4 Bg7 3. Nf3 d6 4. Nc3 a6 5. Be3 Nd7 6. Bd3 e6 7. Qd2 h6 8. O-O
Ne7 9. Rfe1 Kf8 10. h3 Kg8 11. b4 b6 12. Ne2 Bb7 13. Rab1 b5 14. c3 Nb6 15. Qc2
Qd7 16. Nd2 Kh7 17. a3 f5 18. f3 Rhf8 19. Rf1 Rad8 20. Nb3 Ng8 21. Rbd1 Nf6 22.
Bc1 Qc8 23. Ng3 Nfd7 24. exf5 exf5 25. Bxf5 gxf5 26. Nxf5 Rxf5 27. Qxf5+ Kh8
28. Rde1 Nf6 29. Qg6 Ng8 30. Re2 Bd5 31. Nd2 Qd7 32. Rfe1 Bf7 33. Qg4 Qxg4 34.
hxg4 Na4 35. Ne4 Nxc3 36. Nxc3 Bxd4+ 37. Re3 c5 38. Kh2 Bxe3 39. Bxe3 c4 40.
Kg3 Kh7 41. Bd4 d5 42. f4 Rd7 43. f5 Ne7 44. Kf4 Nc6 45. Rd1 Rd8 1/2-1/2

[Event "13. Hogeschool Zeeland Tournament"]
[Site "Vlissingen NED"]
[Date "2009.08.07"]
[Round "8.25"]
[White "Kuipers, Stefan"]
[Black "Smits, Sebastiaan"]
[Result "0-1"]
[WhiteElo "2324"]
[BlackElo "2165"]
[PlyCount "66"]
[EventDate "2009.08.01"]
[EventType "swiss"]
[EventRounds "9"]
[EventCountry "NED"]
[Source "lmi"]
[SourceDate "2009.08.01"]

1. e4 c5 2. Nf3 d6 3. d4 cxd4 4. Nxd4 e6 5. Nc3 Nc6 6. Be3 Nf6 7. f4 Be7 8. Qf3
a6 9. O-O-O Qc7 10. g4 Nxd4 11. Rxd4 b5 12. g5 Nd7 13. Bh3 O-O 14. f5 Ne5 15.
Qg3 Re8 16. f6 Bf8 17. Bg2 Bb7 18. Kb1 Rac8 19. Rc1 Nc4 20. Rd3 Ne5 21. Rdd1
Nc4 22. Bd4 e5 23. Bf2 Qa5 24. Nd5 Bxd5 25. exd5 Qb4 26. b3 Na3+ 27. Kb2 Rc3
28. Qh4 Nc4+ 29. Ka1 Qa3 30. bxc4 Rxc4 31. Qh3 Rc3 32. Qh4 Rec8 33. Be4 g6 0-1

[Event "13. Hogeschool Zeeland Tournament"]
[Site "Vlissingen NED"]
[Date "2009.08.07"]
[Round "8.26"]
[White "Piasetski, Leon"]
[Black "Riemens, Albert"]
[Result "1-0"]
[WhiteElo "2288"]
[BlackElo "2156"]
[PlyCount "81"]
[EventDate "2009.08.01"]
[EventType "swiss"]
[EventRounds "9"]
[EventCountry "NED"]
[Source "lmi"]
[SourceDate "2009.08.01"]

1. d4 e6 2. c4 a6 3. Nc3 d6 4. Nf3 Nd7 5. e4 g6 6. Be2 Bg7 7. O-O Ne7 8. a4 b6
9. a5 bxa5 10. Qa4 O-O 11. Rd1 c5 12. d5 e5 13. Qxa5 Qxa5 14. Rxa5 Rb8 15. Ra3
h6 16. Nd2 f5 17. f3 Nf6 18. Nb3 Bd7 19. Na5 Rb6 20. b3 fxe4 21. fxe4 Bg4 22.
Bxg4 Nxg4 23. Ra2 Rfb8 24. h3 Nf6 25. Ra3 Ra8 26. Be3 Kf7 27. Rf1 g5 28. Kf2
Ke8 29. Ke2 Nh5 30. Kd2 Ng6 31. Rf2 Ngf4 32. Ra1 Ng3 33. Rf3 Ngh5 34. g3 Ng6
35. Raf1 Bf8 36. Kc2 Be7 37. Na4 Rbb8 38. Nc6 Rb7 39. b4 cxb4 40. Nb6 b3+ 41.
Kb2 1-0

[Event "13. Hogeschool Zeeland Tournament"]
[Site "Vlissingen NED"]
[Date "2009.08.07"]
[Round "8.28"]
[White "Freeke, Matthieu"]
[Black "Grochal, Joey"]
[Result "1-0"]
[WhiteElo "2264"]
[BlackElo "2125"]
[PlyCount "105"]
[EventDate "2009.08.01"]
[EventType "swiss"]
[EventRounds "9"]
[EventCountry "NED"]
[Source "lmi"]
[SourceDate "2009.08.01"]

1. d4 d5 2. c4 e6 3. Nf3 Nf6 4. Bg5 c6 5. e3 Nbd7 6. Nc3 Qa5 7. cxd5 exd5 8.
Nd2 Be7 9. Bd3 O-O 10. Qc2 Re8 11. O-O Nf8 12. Rab1 Qd8 13. Bxf6 Bxf6 14. b4 b6
15. Na4 Bb7 16. b5 cxb5 17. Bxb5 Re6 18. Rfc1 Be7 19. Qb3 Rh6 20. g3 Ne6 21.
Nf3 Ng5 22. Nxg5 Bxg5 23. Rc2 a6 24. Bf1 b5 25. Nc5 Bc8 26. a4 Bf5 27. Bd3 Bxd3
28. Nxd3 Rb6 29. Rc5 Rab8 30. Qxd5 Qxd5 31. Rxd5 Bd8 32. axb5 axb5 33. Ne5 Rc8
34. Rdxb5 Rcb8 35. Rxb6 Rxb6 36. Rc1 Rb8 37. Nc6 Ra8 38. Nxd8 Rxd8 39. Kg2 f5
40. Rc7 h6 41. h4 h5 42. Kf3 Kh7 43. Re7 Kg6 44. Kf4 Kf6 45. Re5 g6 46. Ra5 Rd6
47. f3 Rd7 48. Ra6+ Kf7 49. Kg5 Re7 50. Rxg6 Rxe3 51. Rf6+ Kg7 52. Rxf5 Rd3 53.
d5 1-0

[Event "13. Hogeschool Zeeland Tournament"]
[Site "Vlissingen NED"]
[Date "2009.08.07"]
[Round "8.29"]
[White "Padmini, Rout"]
[Black "Timmermans, Mark"]
[Result "1-0"]
[WhiteElo "2243"]
[BlackElo "2125"]
[PlyCount "91"]
[EventDate "2009.08.01"]
[EventType "swiss"]
[EventRounds "9"]
[EventCountry "NED"]
[Source "lmi"]
[SourceDate "2009.08.01"]

1. e4 e5 2. Nf3 Nc6 3. Bb5 a6 4. Ba4 Nf6 5. O-O Nxe4 6. d4 b5 7. Bb3 d5 8. dxe5
Be6 9. Nbd2 Nc5 10. c3 Be7 11. Bc2 Bg4 12. Re1 Qd7 13. Nf1 Rd8 14. h3 Bh5 15.
Ng3 Bg6 16. Nd4 Nxd4 17. cxd4 Ne6 18. Nf5 c5 19. Be3 c4 20. a3 f6 21. f4 fxe5
22. fxe5 O-O 23. Qg4 Kh8 24. Rf1 Nc7 25. Rf2 Bxf5 26. Bxf5 Qc6 27. Raf1 g6 28.
Bd7 Rxd7 29. Rxf8+ Bxf8 30. Rxf8+ Kg7 31. Qf4 g5 32. Qf3 Qe6 33. Bxg5 Qg6 34.
Rf5 Ne6 35. Bf6+ Kg8 36. Qf2 Rf7 37. Rf3 Qe4 38. Rg3+ Kf8 39. Rg4 Qd3 40. Kh2
Ke8 41. Qe1 c3 42. bxc3 Rc7 43. Rg3 Qc2 44. Qe3 Kd7 45. Qf3 Kc6 46. Qg4 1-0

[Event "13. Hogeschool Zeeland Tournament"]
[Site "Vlissingen NED"]
[Date "2009.08.07"]
[Round "8.30"]
[White "Marcziter, Dmitrii"]
[Black "Harini, S."]
[Result "1/2-1/2"]
[WhiteElo "2238"]
[BlackElo "1986"]
[PlyCount "110"]
[EventDate "2009.08.01"]
[EventType "swiss"]
[EventRounds "9"]
[EventCountry "NED"]
[Source "lmi"]
[SourceDate "2009.08.01"]

1. Nf3 Nf6 2. c4 e6 3. Nc3 Bb4 4. Qc2 O-O 5. a3 Bxc3 6. Qxc3 b6 7. b4 Bb7 8.
Bb2 a5 9. b5 d6 10. g3 Nbd7 11. Bg2 Nc5 12. a4 e5 13. O-O Nfe4 14. Qc2 Ng5 15.
Nxg5 Qxg5 16. Bxb7 Nxb7 17. d4 exd4 18. Bxd4 f5 19. e3 Rae8 20. Rad1 Nd8 21.
Kg2 Ne6 22. f4 Qh5 23. Rfe1 Re7 24. Qf2 Rfe8 25. Qf3 Qxf3+ 26. Kxf3 Nxd4+ 27.
Rxd4 Re4 28. Rxe4 Rxe4 29. Rc1 Kf7 30. g4 g6 31. g5 Ke6 32. h4 Kd7 33. h5 c6
34. hxg6 hxg6 35. Ke2 cxb5 36. axb5 Ke7 37. Rh1 Rxc4 38. Rh7+ Kf8 39. Rb7 a4
40. Rxb6 a3 41. Ra6 Rb4 42. Rxa3 Rxb5 43. Kd3 Rb7 44. Ra8+ Ke7 45. Rh8 Ke6 46.
Rf8 Rg7 47. Kd4 Ke7 48. Rf6 Rg8 49. Kd5 Rg7 50. Rxd6 Rg8 51. Ra6 Rd8+ 52. Ke5
Kf7 53. Ra7+ Kf8 54. Ke6 Rd3 55. Rd7 Ra3 1/2-1/2

[Event "13. Hogeschool Zeeland Tournament"]
[Site "Vlissingen NED"]
[Date "2009.08.07"]
[Round "8.31"]
[White "Kahleys, Kevin"]
[Black "Duchene, Rene"]
[Result "1/2-1/2"]
[WhiteElo "1986"]
[BlackElo "2216"]
[PlyCount "111"]
[EventDate "2009.08.01"]
[EventType "swiss"]
[EventRounds "9"]
[EventCountry "NED"]
[Source "lmi"]
[SourceDate "2009.08.01"]

1. Nf3 c5 2. c4 g6 3. g3 Bg7 4. Bg2 Nc6 5. Nc3 e5 6. e4 d6 7. d3 Nge7 8. h3 O-O
9. O-O h6 10. Rb1 Kh7 11. Kh2 f5 12. Nd5 Nxd5 13. cxd5 Ne7 14. b4 b6 15. bxc5
bxc5 16. Qa4 Qe8 17. Qa5 Qd7 18. Nd2 h5 19. Nf3 Qd8 20. Qxd8 Rxd8 21. Bg5 Rd7
22. Bxe7 Rxe7 23. Nd2 Bf8 24. Nc4 Rf7 25. f3 Ba6 26. Rb3 h4 27. g4 Bxc4 28.
dxc4 Bh6 29. Rfb1 fxe4 30. Rb7 Raf8 31. fxe4 Bf4+ 32. Kg1 Be3+ 33. Kh2 Kh6 34.
a4 Bd2 35. R1b3 Kg5 36. Rxf7 Rxf7 37. Bf3 Bb4 38. Kg2 Rb7 39. Bd1 Rf7 40. Bf3
Rf4 41. Kf2 Kf6 42. Ke2 Ke7 43. Rb1 Kd8 44. Rf1 Kc7 45. Kd3 Kb6 46. Kc2 Ka5 47.
Kb3 Be1 48. Bg2 Bf2 49. Ka3 Rf7 50. Bh1 Kb6 51. Kb3 Kc7 52. Kc2 Kd8 53. Kd3 Ke7
54. Ke2 Bd4 55. Rxf7+ Kxf7 56. Bg2 1/2-1/2

[Event "13. Hogeschool Zeeland Tournament"]
[Site "Vlissingen NED"]
[Date "2009.08.07"]
[Round "8.32"]
[White "Van Weersel, Arlette"]
[Black "Van Gemert, Rogier"]
[Result "1-0"]
[WhiteElo "2204"]
[BlackElo "1844"]
[PlyCount "55"]
[EventDate "2009.08.01"]
[EventType "swiss"]
[EventRounds "9"]
[EventCountry "NED"]
[Source "lmi"]
[SourceDate "2009.08.01"]

1. e4 c5 2. c4 g6 3. Ne2 Nc6 4. d4 cxd4 5. Nxd4 Bg7 6. Nb3 Nf6 7. Nc3 O-O 8.
Be3 Re8 9. Be2 d6 10. O-O h6 11. f3 Kh7 12. Qd2 e6 13. Rad1 d5 14. cxd5 exd5
15. exd5 Nb4 16. Bc5 a5 17. a4 b6 18. Bf2 Bd7 19. Nc1 Rc8 20. Bb5 Bxb5 21. axb5
Qd6 22. Kh1 Nh5 23. g4 Nf4 24. Bg3 Be5 25. Ne4 Qxd5 26. Bxf4 Qxd2 27. Bxd2 Bxb2
28. Nd6 1-0

[Event "13. Hogeschool Zeeland Tournament"]
[Site "Vlissingen NED"]
[Date "2009.08.07"]
[Round "8.33"]
[White "Bielderman, Guy"]
[Black "Kiran, Manisha Mohanty"]
[Result "0-1"]
[WhiteElo "2015"]
[BlackElo "2203"]
[PlyCount "68"]
[EventDate "2009.08.01"]
[EventType "swiss"]
[EventRounds "9"]
[EventCountry "NED"]
[Source "lmi"]
[SourceDate "2009.08.01"]

1. e4 c5 2. Nc3 Nc6 3. f4 g6 4. Nf3 Bg7 5. Bb5 Nd4 6. O-O a6 7. Bc4 e6 8. d3
Ne7 9. Nxd4 cxd4 10. Ne2 d5 11. Bb3 dxe4 12. dxe4 O-O 13. e5 Nc6 14. c3 dxc3
15. bxc3 b5 16. Be3 Qc7 17. Qe1 Bb7 18. Qf2 Ne7 19. Rac1 Nf5 20. Nd4 Nxe3 21.
Qxe3 Rfd8 22. Rf2 Bf8 23. g4 Rac8 24. Rcc2 Bc5 25. f5 Qc6 26. Kf1 Qe4 27. Qxe4
Bxe4 28. fxe6 Bxd4 29. exf7+ Kf8 30. cxd4 Bxc2 31. Bxc2 Rxd4 32. e6 a5 33. Re2
Ke7 34. Be4 Rd6 0-1

[Event "13. Hogeschool Zeeland Tournament"]
[Site "Vlissingen NED"]
[Date "2009.08.07"]
[Round "8.34"]
[White "Bitalzadeh, Ali"]
[Black "Zomer, Koos"]
[Result "1-0"]
[WhiteElo "2434"]
[BlackElo "2055"]
[PlyCount "63"]
[EventDate "2009.08.01"]
[EventType "swiss"]
[EventRounds "9"]
[EventCountry "NED"]
[Source "lmi"]
[SourceDate "2009.08.01"]

1. e4 c5 2. Nf3 Nc6 3. d4 cxd4 4. Nxd4 e5 5. Nb5 a6 6. Nd6+ Bxd6 7. Qxd6 Qf6 8.
Qc7 Nge7 9. Nc3 Nb4 10. Bd3 d5 11. O-O d4 12. Ne2 Nxd3 13. cxd3 Nc6 14. f4 Qe7
15. Qxe7+ Kxe7 16. fxe5 Nxe5 17. Nf4 Rd8 18. Nd5+ Kf8 19. Bg5 Bg4 20. Bxd8 Rxd8
21. Rf2 Bd7 22. Rd1 Kg8 23. b3 Bb5 24. Rfd2 Kf8 25. a4 Bd7 26. Rc1 Be6 27. Rc7
Rb8 28. b4 Bd7 29. Nb6 Bc6 30. b5 axb5 31. axb5 Be8 32. Nc4 1-0

[Event "13. Hogeschool Zeeland Tournament"]
[Site "Vlissingen NED"]
[Date "2009.08.07"]
[Round "8.35"]
[White "Timmermans, Ivo"]
[Black "Hawkins, James N H"]
[Result "1-0"]
[WhiteElo "2223"]
[BlackElo "2028"]
[PlyCount "69"]
[EventDate "2009.08.01"]
[EventType "swiss"]
[EventRounds "9"]
[EventCountry "NED"]
[Source "lmi"]
[SourceDate "2009.08.01"]

1. c4 e5 2. g3 Nf6 3. Bg2 d5 4. cxd5 Nxd5 5. Nf3 Nc6 6. O-O Nb6 7. Nc3 Be7 8.
a3 a5 9. d3 Be6 10. Be3 O-O 11. Rc1 f6 12. Ne4 Nd5 13. Bc5 Bd6 14. d4 exd4 15.
Bxd6 cxd6 16. Nxd4 Nxd4 17. Qxd4 f5 18. Ng5 Qxg5 19. Bxd5 Bxd5 20. Qxd5+ Kh8
21. Rc7 Qf6 22. Rxb7 f4 23. Rb6 fxg3 24. hxg3 Qe7 25. e3 Rad8 26. Qxa5 Rf6 27.
Qb4 Qc7 28. a4 h5 29. a5 Rdf8 30. Qe4 h4 31. Qxh4+ Rh6 32. Qg4 Rff6 33. b3 Rfg6
34. Qc4 Qd7 35. Rb8+ 1-0

[Event "13. Hogeschool Zeeland Tournament"]
[Site "Vlissingen NED"]
[Date "2009.08.07"]
[Round "8.36"]
[White "Lagrain, Jan"]
[Black "Dek, Lennart"]
[Result "1/2-1/2"]
[WhiteElo "2063"]
[BlackElo "2205"]
[PlyCount "39"]
[EventDate "2009.08.01"]
[EventType "swiss"]
[EventRounds "9"]
[EventCountry "NED"]
[Source "lmi"]
[SourceDate "2009.08.01"]

1. e4 c5 2. c3 e6 3. d4 Nf6 4. e5 Nd5 5. Nf3 cxd4 6. cxd4 Nc6 7. Bc4 Nb6 8. Bb3
d6 9. O-O dxe5 10. dxe5 Qxd1 11. Rxd1 Nd7 12. Nc3 Be7 13. Nb5 Kf8 14. Be3 g5
15. Nxg5 Ndxe5 16. h3 Kg7 17. Rac1 Rd8 18. Rxd8 Bxd8 19. Rd1 b6 20. Ne4 1/2-1/2

[Event "13. Hogeschool Zeeland Tournament"]
[Site "Vlissingen NED"]
[Date "2009.08.07"]
[Round "8.37"]
[White "Colijn, Stefan"]
[Black "Van de Poel, Taco"]
[Result "1-0"]
[WhiteElo "2187"]
[BlackElo "2023"]
[PlyCount "79"]
[EventDate "2009.08.01"]
[EventType "swiss"]
[EventRounds "9"]
[EventCountry "NED"]
[Source "lmi"]
[SourceDate "2009.08.01"]

1. c4 e5 2. e3 Nc6 3. Nc3 f5 4. g3 Nf6 5. d3 Bb4 6. Nge2 d5 7. cxd5 Qxd5 8. Rg1
Be6 9. a3 Bxc3+ 10. bxc3 Rd8 11. d4 O-O 12. Bg2 Qc4 13. Bd2 Ne4 14. f3 Nxd2 15.
Qxd2 Rfe8 16. Kf2 Na5 17. Qb2 c5 18. dxe5 Qa4 19. f4 Rd7 20. Rab1 Bc4 21. Rge1
Red8 22. Qc1 Nb3 23. Qc2 g6 24. Rbd1 Rd2 25. Qb1 Qa6 26. Bf3 b6 27. g4 fxg4 28.
Bxg4 b5 29. Rxd2 Rxd2 30. Rd1 Qc6 31. Rxd2 Nxd2 32. Qd1 Ne4+ 33. Kg1 Bd5 34.
Qd3 Kf7 35. f5 gxf5 36. Bxf5 Ng5 37. Nf4 Be6 38. Bxe6+ Nxe6 39. Qf5+ Ke7 40.
Qf6+ 1-0

[Event "13. Hogeschool Zeeland Tournament"]
[Site "Vlissingen NED"]
[Date "2009.08.07"]
[Round "8.38"]
[White "Koelmans, Jan Willem"]
[Black "Admiraal, Miguoel"]
[Result "0-1"]
[WhiteElo "2008"]
[BlackElo "2173"]
[PlyCount "52"]
[EventDate "2009.08.01"]
[EventType "swiss"]
[EventRounds "9"]
[EventCountry "NED"]
[Source "lmi"]
[SourceDate "2009.08.01"]

1. d4 Nf6 2. c4 c5 3. d5 e6 4. Nc3 exd5 5. cxd5 d6 6. e4 g6 7. h3 Bg7 8. Nf3
O-O 9. Bd3 a6 10. a4 Re8 11. O-O Nbd7 12. Bf4 c4 13. Bc2 Nc5 14. Re1 b6 15. Nd4
Bb7 16. Qd2 Qd7 17. Rab1 Rac8 18. b4 cxb3 19. Nxb3 Nh5 20. Nxc5 Rxc5 21. e5
Nxf4 22. Ne4 Rxc2 23. Qxc2 Rxe5 24. Rxb6 Nxd5 25. Rxb7 Qe7 26. Qd2 Rxe4 0-1

[Event "13. Hogeschool Zeeland Tournament"]
[Site "Vlissingen NED"]
[Date "2009.08.07"]
[Round "8.39"]
[White "Van Gool, Henk"]
[Black "Roessler, Wolfgang"]
[Result "1-0"]
[WhiteElo "2164"]
[BlackElo "2020"]
[PlyCount "63"]
[EventDate "2009.08.01"]
[EventType "swiss"]
[EventRounds "9"]
[EventCountry "NED"]
[Source "lmi"]
[SourceDate "2009.08.01"]

1. d4 Nf6 2. Nf3 d5 3. g3 c6 4. Bg2 Bf5 5. O-O e6 6. b3 Nbd7 7. Bb2 Bd6 8. c4
O-O 9. Nc3 Be4 10. Nxe4 Nxe4 11. Qc2 Re8 12. Ne5 Nef6 13. h3 Nf8 14. Rad1 Qc7
15. Kh2 Ng6 16. f4 Rad8 17. e3 Nd7 18. Rc1 Qb8 19. h4 Rf8 20. e4 Bxe5 21. dxe5
dxc4 22. Qxc4 Nb6 23. Qc3 Rd7 24. f5 Nh8 25. Bh3 Re8 26. Rcd1 Qd8 27. Qc2 Na8
28. Rxd7 Qxd7 29. Rd1 Qc8 30. Qd2 Nc7 31. f6 Ng6 32. h5 1-0

[Event "13. Hogeschool Zeeland Tournament"]
[Site "Vlissingen NED"]
[Date "2009.08.07"]
[Round "8.40"]
[White "De Wolf, Johan"]
[Black "Van Cappellen, Jonas"]
[Result "1-0"]
[WhiteElo "2147"]
[BlackElo "2002"]
[PlyCount "103"]
[EventDate "2009.08.01"]
[EventType "swiss"]
[EventRounds "9"]
[EventCountry "NED"]
[Source "lmi"]
[SourceDate "2009.08.01"]

1. d4 Nf6 2. Nf3 d5 3. c4 e6 4. g3 dxc4 5. Qa4+ Bd7 6. Qxc4 Bc6 7. Bg2 Be7 8.
Nc3 Nbd7 9. O-O O-O 10. b3 Nb6 11. Qd3 Nbd5 12. Ne5 Nxc3 13. Nxc6 Nxe2+ 14.
Qxe2 bxc6 15. Bxc6 Rb8 16. Bf3 Rb6 17. Bb2 Nd5 18. Rac1 Bd6 19. Be4 Qd7 20. Qf3
Rfb8 21. Bxd5 exd5 22. Qxd5 Qb5 23. Qxb5 Rxb5 24. Bc3 f6 25. Rfe1 Kf7 26. Kg2
Rf5 27. Bd2 Rb6 28. h3 Rd5 29. Rc4 Rf5 30. g4 Rfb5 31. Ra4 a6 32. Kf3 g5 33.
Ke4 Ke6 34. f4 gxf4 35. Bxf4 f5+ 36. Kd3+ Kf7 37. Bxd6 Rxd6 38. Rc4 c6 39. Rf1
Ke6 40. gxf5+ Rxf5 41. Rxf5 Kxf5 42. Rc5+ Kf4 43. Rh5 h6 44. Kc4 Kg3 45. b4 Kf4
46. Kc5 Rg6 47. a4 Rf6 48. d5 cxd5 49. Kxd5 Kg3 50. Kc5 a5 51. bxa5 Rf4 52. Kb5
1-0